000 00357nam a2200145Ia 4500
008 230917s9999||||xx |||||||||||||| ||und||
040 _e159959
_aMAIN
041 _aEnglish
082 _a647.94 S64F
100 _aSingh, Raj Kumar
245 0 _aFront office management
260 _aNew Delhi
_bAman Publications
_c2006
300 _a256 p.
942 _cBK
999 _c135881
_d135881